000 00993nam a2200265 i 4500
001 16754
003 ES-MaACL
005 20250806062524.0
007 t|
008 001030s1988 sp |||| | spa d
020 _a84-7812-014-9
080 _a308(464.1 M.)"17"
080 _a39(464.1 M.)"17"
100 1 _aCepeda Adán, José.
_937430
245 1 0 _aTipos populares en el Madrid de Carlos III /
_cpor José Cepeda Adán.
260 _aMadrid :
_bAyuntamiento, Área de Cultura, Educación, Juventud y Deportes :
_bInstituto de Estudios Madrileños,
_c[1988]
300 _a32 p. ;
_c22 cm.
490 1 _aCiclo de conferencias: El Madrid de Carlos III ;
_v7
651 4 _aMadrid-
_xUsos y costumbres-
_yS.XVIII.
_98991
651 4 _aMadrid-
_xSituación social-
_vHistoria.
_9167799
710 2 _aInstituto de Estudios Madrileños
_94916
830 0 0 _aCiclo de conferencias: El Madrid de Carlos III
_v7
_9180033
852 _aES-MaACL
_j2154-F-32
999 _c16754
_d16754